Podział Administracyjny Kanady - Statystyki

Ogólne statystyki
  • Ten quiz został rozwiązany 33 razy
  • Średni wynik to 5 z 13
Statystyki odpowiedzi
Obrazkowy Odpowiedź % Poprawnych
Quebec
76%
Kolumbia Brytyjska
71%
Nowa Szkocja
59%
Ontario
53%
Nowy Brunszwik
47%
Alberta
41%
Saskatchewan
35%
Jukon
29%
Manitoba
29%
Nunavut
24%
Wyspa Księcia Edwarda
24%
Terytoria Północno-Zachodnie
18%
Nowa Fundlandia i Labrador
12%
Nie znaleziono quizów pasujących do podanych kryteriów
Rozkład punktacji
Procent ludzi z każdym wynikiem
Percentyl według liczby udzielonych odpowiedzi
Twoja historia wyników
Nie rozwiązałeś tego quizu